| 000 | 00582nam a2200205 a 4500 | ||
|---|---|---|---|
| 005 | 20140310183455.0 | ||
| 008 | 090806s19uu xx 00 eng d | ||
| 020 | _a0471746843 | ||
| 050 |
_aHD 69.B7 _b.W44 2006 |
||
| 100 | _aWheeler, Alina | ||
| 245 |
_aDesigning brand identity / _cAlina Wheeler |
||
| 250 | _a2nd ed. | ||
| 260 |
_aU.S.A : _bJohn Wiley & Son's, _c2006. |
||
| 300 |
_a280 p. : _bill. col. ; _c27 cm. |
||
| 521 | _aBSBA | ||
| 650 | _aBrand name products. | ||
| 650 |
_aBrand name products _xMarketing _xManagement. |
||
| 942 |
_cBK _2lcc _kFOR |
||
| 999 |
_c23579 _d23579 |
||